|
|
|
|
| LEADER |
01474nam a2200349 a 4500 |
| 001 |
41279 |
| 003 |
BD-DhAAL |
| 005 |
20230528132025.0 |
| 008 |
230528t1987 nyua b 001 0 eng |
| 010 |
|
|
|a 87016712
|
| 020 |
|
|
|a 067147989X :
|c $24.95
|
| 020 |
|
|
|a 9780971479893
|
| 040 |
|
|
|a DLC
|c DLC
|d DLC
|d BD-DhAAL
|
| 043 |
|
|
|a n-us---
|
| 050 |
0 |
0 |
|a HG2563
|b .G72 1987
|
| 082 |
0 |
0 |
|a 332.1/1/0973
|2 19
|
| 100 |
1 |
|
|a Greider, William.
|9 54396
|
| 245 |
1 |
0 |
|a Secrets of the temple :
|b how the Federal Reserve runs the country /
|c William Greider.
|
| 260 |
|
|
|a New York :
|b Simon and Schuster,
|c c1987.
|
| 300 |
|
|
|a 798 pages :
|b illustration ;
|c 24 cm.
|
| 500 |
|
|
|a "A Touchstone book."
|
| 504 |
|
|
|a Includes bibliographical references (p. [733]-766) and index.
|
| 541 |
|
|
|a Donated By Akbar Ali Khan
|e 41279
|
| 610 |
2 |
0 |
|a Board of Governors of the Federal Reserve System (U.S.)
|9 54397
|
| 650 |
|
0 |
|a Federal Reserve banks.
|9 54398
|
| 650 |
|
0 |
|a Monetary policy
|z United States
|x History
|y 20th century.
|9 54399
|
| 650 |
|
0 |
|a Banks and banking
|z United States
|x History
|y 20th century.
|9 54400
|
| 650 |
|
0 |
|a Finance
|z United States
|x History
|y 20th century.
|9 54401
|
| 852 |
|
|
|a Ayesha Abed Library
|c Akbar Ali Khan Collection
|
| 942 |
|
|
|2 ddc
|c BK
|
| 999 |
|
|
|c 45810
|d 45810
|
| 952 |
|
|
|0 0
|1 0
|2 ddc
|4 0
|6 332_110973000000000_GRE
|7 1
|9 73690
|a BRACUL
|b BRACUL
|c AAKC
|d 2023-05-28
|g 2674.76
|l 0
|o 332.110973 GRE
|p 3010041279
|r 2023-05-28
|t 1
|v 2674.76
|w 2023-05-28
|y BK
|x Price not available in book $24.95.
|